| 000 | 02828nam2a22004331 4500 | ||
|---|---|---|---|
| 001 | v19\rc\1343395 | ||
| 005 | 20260405170935.0 | ||
| 035 | _a(NLR Aleph) 005202934 | ||
| 090 |
_a5328680 _c5328680 |
||
| 100 | _a20060512d1879 |||y0rusy50 ca | ||
| 101 | 0 | _arus | |
| 102 | _aRU | ||
| 105 | _ab ig ||1|| | ||
| 135 | _acrnn nnnaacda | ||
| 200 | 1 |
_aОлонецкая губерния _eпо сведениям 1873 года _fобработан ст. ред. Е. Огородниковым |
|
| 210 |
_d1879 _aБ. м. |
||
| 215 | _a[2], XCV, 238 с., [1] цв. карт. | ||
| 320 |
_aБиблиогр. в подстроч. примеч. _aАзбучный указатель населенных мест Олонецкой губернии: с. 197-235 |
||
| 325 | _aКопия доступна в Электрон. б-ке РНБ http://vivaldi.nlr.ru/bv000001400/view | ||
| 327 | 0 | _aВ кн. также: Общее обозрение губернии. - С. I-XCV | |
| 461 | 0 |
_1001v19\rc\1343379 _12001#$aСписки населенных мест Российской империи, составленные и издаваемые Центральным статистическим комитетом Министерства внутренних дел$v27 _95328522 _cСанктпетербург _d1861-1885 _nв типографии Карла Вульфа _tСписки населенных мест Российской империи, составленные и издаваемые Центральным статистическим комитетом Министерства внутренних дел _v27 |
|
| 464 | 0 |
_12001#$aОбщее обозрение губернии _1215##$aС. I-XCV _tОбщее обозрение губернии |
|
| 606 | 1 |
_aНаселенные места _yОлонецкая губерния _92537404 _3RU\NLR\AUTH\661502483 |
|
| 686 | 0 | _aТ3(2Р-8Ол)47-22 | |
| 686 | 0 | _aУ04(28)22 | |
| 702 | 1 |
_4220 _4080 _8rus _7ca _aОгородников _bЕ. К. _f1816-1884 _gЕвлампий Кириллович _3RU\NLR\AUTH\7772655 _955583 |
|
| 801 | 2 |
_aRU _bNLR _c20090119 _2rusmarc |
|
| 801 | 0 |
_aRU _bNLR _c20060512 _gpsbo |
|
| 801 | 0 |
_aRU _bRuMoRGB _c20060512 _2psbo |
|
| 801 | 1 |
_aRU _bProSoft-M _c20060512 _2rusmarc |
|
| 852 |
_aNLR _j55/622 |
||
| 852 |
_aNLR _j18.62.1.1(27) |
||
| 942 | _cBOOK | ||
| 980 | _aNB | ||
| 981 | 2 | 2 |
_a(22) Материалы по истории России _b(22) Территория |
| 981 | 2 | 2 |
_a(22) Материалы по истории России _b(22) Населенные места Российской Империи |
| 981 | 2 | 2 |
_a(22) Материалы по истории России _b(22) История России до 25 октября (7 ноября) 1917 года |